Manual of plant ecology / (Record no. 3039)

MARC details
000 -LEADER
fixed length control field 00582nam a22002177a 4500
001 - CONTROL NUMBER
control field BD-DhSAU 3039
003 - CONTROL NUMBER IDENTIFIER
control field BD-DhSAU
005 - DATE AND TIME OF LATEST TRANSACTION
control field 20150203145317.0
008 - FIXED-LENGTH DATA ELEMENTS--GENERAL INFORMATION
fixed length control field 150203b1989 ii a|||| |||| 001 0 eng d
020 ## - INTERNATIONAL STANDARD BOOK NUMBER
International Standard Book Number 8120404033
040 ## - CATALOGING SOURCE
Original cataloging agency BD-DhSAU
082 ## - DEWEY DECIMAL CLASSIFICATION NUMBER
Edition number 22
Classification number 581.50202
Item number MIM
100 ## - MAIN ENTRY--PERSONAL NAME
Personal name Misra, K. C.
245 ## - TITLE STATEMENT
Title Manual of plant ecology /
Statement of responsibility, etc. K. C. Misra
250 ## - EDITION STATEMENT
Edition statement 3rd ed.
260 ## - PUBLICATION, DISTRIBUTION, ETC. (IMPRINT)
Place of publication, distribution, etc. New delhi :
Name of publisher, distributor, etc. Oxford & IBH publishing co. ;
Date of publication, distribution, etc. c1989.
300 ## - PHYSICAL DESCRIPTION
Extent xv, 491 p.:
Other physical details ill. ,
Dimensions 21 cm.
504 ## - BIBLIOGRAPHY, ETC. NOTE
Bibliography, etc Includes bibliography and index
590 ## - Name of Cataloguer
Name of Cataloger IMRAN
650 ## - SUBJECT ADDED ENTRY--TOPICAL TERM
Topical term or geographic name as entry element Botany
942 ## - ADDED ENTRY ELEMENTS (KOHA)
Source of classification or shelving scheme Dewey Decimal Classification
Koha item type Book
Holdings
Withdrawn status Lost status Source of classification or shelving scheme Damaged status Not for loan Home library Branch Name Shelving location Date acquired Total Checkouts Full call number Barcode Date last seen Price effective from Koha item type Collection code
    Dewey Decimal Classification     SAU Library SAU Library General Stacks 20/06/1993   581.50202 MIM 24057 03/02/2015 03/02/2015 Book  
    Dewey Decimal Classification   Not For Loan SAU Library SAU Library Reference 20/06/1993   581.50202 MIM 24056 25/04/2015 25/04/2015 Book Reference